[Event "PER-ch"]
[Site "Lima"]
[Date "2023.09.02"]
[Round "6"]
[White "Sanchez Rojas, Alejandro Sam"]
[Black "Garay Ramirez, Patrick Yosue"]
[Result "0-1"]
[WhiteElo "1194"]
[BlackElo "1064"]
[PlyCount "60"]
[EventDate "2023.08.29"]
[EventType "swiss"]
[EventRounds "9"]
[EventCountry "PER"]
[SourceTitle "EXT 2024"]
[Source "ChessBase"]
[SourceDate "2023.10.10"]
[SourceVersion "1"]
[SourceVersionDate "2023.10.10"]
[SourceQuality "1"]

1. e4 e5 2. Nf3 Nc6 3. Bc4 Nf6 4. Nc3 Bc5 5. d3 h6 6. Be3 Bb6 7. 0-0 d6 8. h3 Be6 9. Bb3 0-0 10. Nd5 Re8 11. Nxb6 axb6 12. Nh2 Qd7 13. f4 Bxb3 14. axb3 d5 15. Rxa8 Rxa8 16. fxe5 Nxe5 17. Rf5 Ng6 18. Bxh6 dxe4 19. Qf1 Ra1 20. Qxa1 Qxf5 21. dxe4 Qc5+ 22. Kh1 gxh6 23. Qa8+ Kg7 24. Qxb7 Qxc2 25. Nf3 Nxe4 26. Qd5 Nf2+ 27. Kh2 Qxb2 28. Qc4 c5 29. h4 Nd1 30. h5 Ne3 0-1